00394 2200169 4500245003500000020001800035250001100053100002100064700001600085650001700101005001900118260003300137041001400170084000800184300002300192336000900215 aKeningcRakhmawati FitrihText a979-9750-44-8 aCet. 1 aRakhmawati Fitri aKoolastuffa aNovel Remaja a20240126100521 aJakartabTerrant Booksc2011 aIndonesia a813 a194 hlm. :c19 cm. atext